header

The juridical bay (Record no. 3920)

MARC details
000 -LEADER
fixed length control field 01335nam a2200337Ia 4500
100 1# - MAIN ENTRY--AUTHOR NAME
Personal name Westerman, Gayl S.
245 14 - TITLE STATEMENT
Title The juridical bay
260 ## - PUBLICATION, DISTRIBUTION, ETC. (IMPRINT)
Place of publication New York :
Name of publisher Oxford University Press ;
Place of publication Oxford [Oxfordshire] :
Name of publisher Clarendon Press,
Year of publication c1987.
300 ## - PHYSICAL DESCRIPTION
Number of Pages xii, 290 p. :
Other physical details ill.
490 1# - SERIES STATEMENT
Series statement Oxford monographs in international law
650 #0 - SUBJECT ADDED ENTRY--TOPICAL TERM
Topical Term Bays (International law)
Topical Term Law of the sea.
856 40 - ELECTRONIC LOCATION AND ACCESS
Uniform Resource Identifier http://site.ebrary.com/lib/rucke/Doc?id=10279362

No items available.

© 2026 Rongo University
Contact us: librarian | system librarian | Rongo university